[Event "DEM U10 2019"]
[Site "Willingen GER"]
[Date "2019.06.09"]
[Round "2"]
[White "Li, David"]
[Black "Rau, Eduard"]
[Result "1-0"]
[Termination "normal"]
[Board "24"]
[WhiteElo "1418"]
[BlackElo "1221"]
[PlyCount "117"]
[WhiteFideId "16287185"]
[BlackFideId "16287231"]
[EventCountry "GER"]
[EventRounds "11"]
[EventType "swiss"]
[EventDate "2019.06.08"]

1. Nf3 Nc6 2. d4 d5 3. c4 e6 4. g3 Nf6 5. Bg2 b6 6. O-O Bd6 7. Bg5 O-O 8. cxd5
exd5 9. Nc3 Be6 10. Rc1 h6 11. Be3 Qd7 12. Qd2 Kh7 13. Nb5 Bb4 14. Qc2+ Ne4 15.
Qxc6 Qxc6 16. Rxc6 a6 17. Na3 Bd6 18. Ne5 Bxe5 19. dxe5 Bd7 20. Rxc7 Bb5 21.
Nxb5 axb5 22. Bxe4+ dxe4 23. Ra1 Rae8 24. Bxb6 Rxe5 25. Rc5 Re6 26. Ba5 Rb8 27.
Rd1 Ra8 28. b4 Rea6 29. Rdd5 e3 30. f3 Kg6 31. Rxb5 Rc8 32. Rbc5 Rca8 33. Kf1
Rf6 34. Ke1 Raa6 35. Rd3 Rfe6 36. Rcc3 Rad6 37. Rxe3 Rf6 38. Rb3 Ra6 39. a3
Rfc6 40. b5 Rc1+ 41. Kd2 Rxa5 42. Kxc1 Ra8 43. b6 Rc8+ 44. Rec3 Rb8 45. b7 Kf6
46. Rc8 Ke5 47. Rxb8 Kd4 48. Rc8 Ke5 49. b8=Q+ Kf6 50. Qd6+ Kg5 51. Rc5+ f5 52.
h4+ Kh5 53. Rxf5+ g5 54. Qd4 Kg6 55. Qg4 Kh7 56. Rb6 Kg7 57. Rc5 Kf7 58. Rc7+
Ke8 59. Qc8# 1-0

[Event "DEM U10 2019"]
[Site "Willingen GER"]
[Date "2019.06.09"]
[Round "2"]
[White "Aniol, Nico"]
[Black "Mühlbauer, Adrian"]
[Result "1/2-1/2"]
[Termination "normal"]
[Board "25"]
[WhiteElo "1406"]
[BlackElo "1193"]
[PlyCount "136"]
[WhiteFideId "16287096"]
[BlackFideId "16287223"]
[EventCountry "GER"]
[EventRounds "11"]
[EventType "swiss"]
[EventDate "2019.06.08"]

1. e4 e5 2. Nf3 Nc6 3. Bc4 Nf6 4. Ng5 d5 5. exd5 Na5 6. d3 Bc5 7. O-O O-O 8.
Nc3 Bg4 9. Qe1 Qe7 10. Bb3 Nxb3 11. axb3 Bb4 12. Bd2 Bc5 13. Nge4 Nxe4 14. Nxe4
Bb6 15. h3 Bh5 16. Ng3 Bg6 17. Qe2 Rfe8 18. Rfe1 Qh4 19. Be3 Bxe3 20. Qxe3 a6
21. Re2 Rad8 22. c4 c6 23. Ra4 Qf6 24. Ne4 Bxe4 25. dxe4 Qd6 26. c5 Qg6 27. d6
Qe6 28. Rd2 h6 29. Qd3 Rd7 30. Ra1 Qg6 31. Rf1 Qh5 32. f4 f6 33. Qc4+ Qf7 34.
Qc3 Qg6 35. Re2 Qh5 36. Re3 Rf8 37. Ref3 Re8 38. R3f2 Qg6 39. Re2 Qh5 40. Re3
Qg6 41. b4 Qh5 42. Qe1 Qf7 43. Qh4 Qc4 44. Qg4 Red8 45. fxe5 fxe5 46. Ref3 Qxb4
47. Qe6+ Kh7 48. Qxe5 Kg8 49. Qe6+ Kh7 50. Rf7 Qxc5+ 51. Kh1 Qxd6 52. Qxd6 Rxd6
53. Rxb7 Re8 54. Re1 Rde6 55. Rb6 a5 56. Ra6 Rxe4 57. Rxe4 Rxe4 58. Rxc6 Rb4
59. Rc2 g5 60. Kg1 Kg6 61. Kf2 Kf5 62. Ke3 Ke5 63. Kd3 Kd5 64. Rf2 Rb3+ 65. Kc2
Rg3 66. Re2 Kd4 67. Kd2 Kc4 68. Kc2 Kd4 1/2-1/2

[Event "DEM U10 2019"]
[Site "Willingen GER"]
[Date "2019.06.09"]
[Round "2"]
[White "Brandt, Mattis"]
[Black "Bock, Leonas"]
[Result "0-1"]
[Termination "normal"]
[Board "26"]
[WhiteElo "1359"]
[BlackElo "1363"]
[PlyCount "110"]
[WhiteFideId "16267397"]
[BlackFideId "16287118"]
[EventCountry "GER"]
[EventRounds "11"]
[EventType "swiss"]
[EventDate "2019.06.08"]

1. e4 d6 2. d4 Nf6 3. Nc3 e5 4. d5 c6 5. Bg5 Be7 6. Nf3 Qb6 7. Na4 Qb4+ 8. c3
Qxe4+ 9. Be3 b5 10. dxc6 Qxc6 11. Be2 bxa4 12. Nxe5 dxe5 13. Bf3 e4 14. Be2 O-O
15. f3 Nd5 16. Bd4 Bf6 17. fxe4 Bxd4 18. exd5 Qxd5 19. Bf3 Qe6+ 20. Qe2 Qxe2+
21. Kxe2 Ba6+ 22. Kd2 Nc6 23. cxd4 Rac8 24. Bxc6 Rxc6 25. Rae1 h6 26. Re7 Rc4
27. Rxa7 Rxd4+ 28. Kc3 Rc4+ 29. Kd2 Rd8+ 30. Ke3 Bb5 31. Ra5 Bc6 32. Rg1 Re4+
33. Kf2 Rd2+ 34. Kg3 Rxb2 35. Rc5 Be8 36. Rc8 Kf8 37. Rd1 Rxa2 38. Rd7 Rb4 39.
Rdd8 Ra3+ 40. Kf2 Rb2+ 41. Ke1 Ra1+ 42. Rd1 a3 43. Rxa1 a2 44. Rcc1 Rxg2 45.
Rd1 Rxh2 46. Kf1 g5 47. Kg1 Rb2 48. Kf1 h5 49. Kg1 g4 50. Kf1 g3 51. Kg1 h4 52.
Kf1 h3 53. Kg1 h2+ 54. Kh1 Bc6+ 55. Rd5 Bxd5# 0-1

[Event "DEM U10 2019"]
[Site "Willingen GER"]
[Date "2019.06.09"]
[Round "2"]
[White "Yue, Qihang"]
[Black "Herrmann, Jakob"]
[Result "0-1"]
[Termination "normal"]
[Board "27"]
[WhiteElo "1354"]
[BlackElo "1124"]
[PlyCount "46"]
[WhiteFideId "16278968"]
[BlackFideId "16287169"]
[EventCountry "GER"]
[EventRounds "11"]
[EventType "swiss"]
[EventDate "2019.06.08"]

1. d4 Nf6 2. c4 g6 3. Nc3 Bg7 4. Nf3 O-O 5. e4 d6 6. Bd3 e5 7. d5 a5 8. Bg5 Na6
9. O-O Nc5 10. Bc2 h6 11. Bh4 g5 12. Bg3 Nh5 13. Nd2 Nxg3 14. hxg3 f5 15. Qe2
f4 16. gxf4 exf4 17. Nb3 Nxb3 18. Bxb3 b6 19. Na4 Re8 20. Rac1 Bf5 21. f3 Bd4+
22. Kh2 g4 23. fxg4 Qh4# 0-1

[Event "DEM U10 2019"]
[Site "Willingen GER"]
[Date "2019.06.09"]
[Round "2"]
[White "Gärtner, Alessandro"]
[Black "Lumma, Justus"]
[Result "1-0"]
[Termination "normal"]
[Board "28"]
[WhiteElo "1233"]
[BlackElo "1077"]
[PlyCount "47"]
[WhiteFideId "16268024"]
[BlackFideId "16287193"]
[EventCountry "GER"]
[EventRounds "11"]
[EventType "swiss"]
[EventDate "2019.06.08"]

1. d4 d6 2. c4 g6 3. Nc3 Bg7 4. Bf4 Bf5 5. e3 Nf6 6. Nf3 O-O 7. Be2 Nc6 8. h3
d5 9. O-O e6 10. a3 a6 11. c5 b6 12. cxb6 cxb6 13. b4 Qc8 14. Rc1 b5 15. Na2
Qd7 16. Ne5 Nxe5 17. Bxe5 Be4 18. f3 Bf5 19. g4 Bxg4 20. fxg4 Bh6 21. Bxf6
Bxe3+ 22. Kg2 Bxc1 23. Qxc1 Rfc8 24. Qh6 1-0